000 00598nam a2200205Ia 4500
005 20250923145228.0
008 008 250917s9999 xx 000 0 eng d
037 _aTextual
040 _aDSWL
_beng
_cDSWL
041 _aeng
_2eng
084 _aV2:48(Q7)'N47<-N19t4, N70
_qDSWL
100 _aShakir
_9833115
245 0 _aKhilafat to Partition
_cby Shakir
260 _aNew Delhi
_b Kalamkar Prakaan
_c1970
300 _axi,254p.
365 _aINR
_b35.00
925 _g35.00
942 _cTEXL
_hV2:48(Q7)'N47<-N19t4, N70
999 _c1448706
_d1448706